Central Library OPAC University of Rajshahi

Performance evaluation and benchmarking of private commercial Banks in Bangladesh : (Record no. 81756)

MARC details
000 -LEADER
fixed length control field 00928nam a22002417a 4500
001 - CONTROL NUMBER
RUCL Control Number 81756
003 - CONTROL NUMBER IDENTIFIER
rucl marc code BD-RjUL
005 - DATE AND TIME OF LATEST TRANSACTION
control field 20240116122625.0
008 - FIXED-LENGTH DATA ELEMENTS--GENERAL INFORMATION
fixed length control field 230823s2020 bg a|||| m||| 00| 0 eng d
035 ## - SYSTEM CONTROL NUMBER
system control number (BD-RjUL)81756
040 ## - CATALOGING SOURCE
Original cataloging agency BD-RjUL
Language of cataloging eng
Transcribing agency BD-RjUL
Modifying agency BD-RjUL
041 ## - LANGUAGE CODE
Language code of Book eng
082 ## - DEWEY DECIMAL CLASSIFICATION NUMBER
DDC Edition number 23
Classification number 332.123095492
Author mark and Year NAP 2020
100 ## - MAIN ENTRY--PERSONAL NAME
Personal name Nasrin, Hosnay
9 (RLIN) 1980
245 10 - TITLE STATEMENT
Title Performance evaluation and benchmarking of private commercial Banks in Bangladesh :
Remainder of title An exploratory approach /
Statement of responsibility, etc Hosnay Nasrin ;
Name of Supervisor/Co-Supervisor Supervisor : A H M. Ziaul Haq.
260 ## - PUBLICATION, DISTRIBUTION, ETC. (IMPRINT)
Place of publication, distribution, etc Rajshahi :
Name of publisher, distributor, etc Department of Finance, University of Rajshahi,
Date of publication, distribution, etc 2020.
300 ## - PHYSICAL DESCRIPTION
Pagination xxii, 183 leaves :
Other physical details ill, ;
Dimensions 29.cm.
502 ## - DISSERTATION NOTE
Dissertation note Thesis : (Ph. D.) -- Department of Finance, University of Rajshahi, 2020
504 ## - BIBLIOGRAPHY, ETC. NOTE
Bibliography, etc Bibliography : Leaves 161 - 176
650 ## - SUBJECT ADDED ENTRY--TOPICAL TERM
Topical term or geographic name as entry element Private Banks
Geographic subdivision Bangladesh
9 (RLIN) 2667
700 ## - ADDED ENTRY--SUPERVISOR/CO-SUPERVISOR NAME
Personal name Haq, A H M. Ziaul, Supervisor
9 (RLIN) 8511
942 ## - ADDED ENTRY ELEMENTS (KOHA)
Source of classification or shelving scheme Dewey Decimal Classification
Koha item type Theses
Holdings
Source of classification or shelving scheme Damaged status Not for loan Collection code Permanent Location Current Location Shelving location Date of accession Source of acquisition Full call number Barcode Date last seen Copy number Thesis
Dewey Decimal Classification   Not For Loan Theses Central Library, University of Rajshahi Central Library, University of Rajshahi Documentation Section 14/02/2023 Controller of Exam. R. U. THE 332.123095492 NAP 2020 D4646 23/08/2023 C-1 Theses